Shortest Path by Borders #1 - Statistics

General Stats
  • This quiz has been taken 39 times
  • The average score is 14 of 15
Answer Stats
Answer % Correct
France
100%
Spain
100%
Egypt
97%
Israel
97%
Namibia | Botswana | Zimbabwe | Mozambique
97%
Angola | Zambia | Tanzania
95%
Central African Republic | South Sudan | Ethiopia
95%
Democratic Republic of the Congo | Kenya
95%
Germany
95%
Lebanon | Syria
95%
Sudan
95%
Turkey
95%
Poland
92%
Russia
89%
Georgia | Azerbaijan
84%
No matching quizzes found
Score Distribution
Percent of People with Each Score
Percentile by Number Answered
Your Score History
You have not taken this quiz